Babar the movie [

Bibliographic Details
Format: Book
Published: Nelvana : The Clifford Ross Company , 19-
Subjects:

MARC

LEADER 00000cam a2200000 7i4500
001 0000002184
002 000002381
005 20021014.0
020 |a 000002381 
090 0 0 |a JF   |b BAB 
245 0 0 |a Babar the movie [  |h video recording] 
260 |a Nelvana :   |b The Clifford Ross Company ,   |c 19- 
300 |a 1 Video recording VHS (60 minutes)) :   |b col.(PAL) 
500 |a Library has 1 copy 
650 0 0 |a Cartoon and carricatures 
999 |a 00079   |b VIDEO   |c KOLEKSI AUDIO VIDEO   |e PERPUSTAKAAN KOMUNITI PETALING JAYA